क्रौंच के फिर आज देखो शर लगा है / (Record no. 206443)
[ view plain ]
| 000 -LEADER | |
|---|---|
| fixed length control field | 00853nam a22001817a 4500 |
| 005 - DATE AND TIME OF LATEST TRANSACTION | |
| control field | 20241016155921.0 |
| 010 ## - LCCN (DPL NO) | |
| LC control number | HIN-128552 |
| 020 ## - INTERNATIONAL STANDARD BOOK NUMBER | |
| International Standard Book Number | 9789359200057 |
| Terms of availability | 250.00 |
| 035 ## - SYSTEM CONTROL NUMBER | |
| System control number | HN-100898 |
| 037 ## - SOURCE OF ACQUISITION | |
| Source of stock number/acquisition | DBAD |
| 082 ## - DEWEY DECIMAL CLASSIFICATION NUMBER | |
| Classification number | 821 |
| 100 ## - MAIN ENTRY--PERSONAL NAME | |
| Personal name | शेखर , वीरेन्द्र कुमार |
| 245 ## - TITLE STATEMENT | |
| Title | क्रौंच के फिर आज देखो शर लगा है / |
| Statement of responsibility, etc | वीरेन्द्र कुमार शेखर |
| 260 ## - PUBLICATION, DISTRIBUTION, ETC. (IMPRINT) | |
| Place of publication, distribution, etc | नई दिल्ली |
| Name of publisher, distributor, etc | डायमंड पॉकेट बुक्स |
| Date of publication, distribution, etc | 2023 |
| 270 ## - ADDRESS | |
| Address | X-30, ओखला इंडस्ट्रियल एरिया, फेज-2 |
| City | नई दिल्ली |
| Postal code | 110020 |
| Telephone number | 011-40712200 |
| Electronic mail address | sales@dpb.in |
| 300 ## - PHYSICAL DESCRIPTION | |
| Extent | 176 पृ. |
| Dimensions | 21 सेमी (अजिल्द) |
| 942 ## - ADDED ENTRY ELEMENTS (KOHA) | |
| Item type | Hindi Books |
| Source of classification or shelving scheme | Dewey Decimal Classification |
| Classification part | 821 |
| Call number suffix | शेखर |
| Withdrawn status | Lost status | Not for loan | Collection code | Home library | Current library | Date acquired | Source of acquisition | Cost, normal purchase price | Full call number | Barcode | Copy number | Cost, replacement price | Koha item type |
|---|---|---|---|---|---|---|---|---|---|---|---|---|---|
| Non-fiction | Bawana | Bawana | 16/10/2024 | DBAD | 250.00 | 821 शेखर | HN-100898 | 1 | 250.00 | Hindi Books |
